LEADER 01092cam0 2200313 450 001 000012528 005 20081222151711.0 010 $a88-15-01407-1 100 $a20080609d1988----km-y0itay50------ba 101 1 $aita 102 $aIT 105 $ay-------001yy 200 1 $aConoscenza, mercato, pianificazione$esaggi di economia e di epistemologia$fFriedrich A. von Hayek$gtraduzione di Anna Cimino 210 $aBologna$cIl Mulino$dc1988 215 $a536 p.$d21 cm 225 2 $aCollezione di testi e studi$iEconomia 410 0$12001$aCollezione di testi e studi 610 1 $aStoria del pensiero economico 610 1 $aEconomia$aTeorie 610 1 $aPaesi socialisti$aEconomia 676 $a330$v12$9Scienze economiche 676 $a330.1$v19$9Scienze economiche. Sistemi e teorie 700 1$aHayek,$bFriedrich August : von$0254386 801 0$aIT$bUNIPARTHENOPE$c20080609$gRICA$2UNIMARC 912 $a000012528 951 $a031/226$b7789$cNAVA2$d2008 951 $a031/227$b7858$cNAVA2$d2008 996 $aConoscenza, mercato, pianificazione$9195398 997 $aUNIPARTHENOPE LEADER 02483nam 2200589 a 450 001 9910452212003321 005 20200520144314.0 010 $a0-292-79582-3 035 $a(CKB)1000000000467070 035 $a(OCoLC)614484671 035 $a(CaPaEBR)ebrary10217902 035 $a(SSID)ssj0000101142 035 $a(PQKBManifestationID)11555790 035 $a(PQKBTitleCode)TC0000101142 035 $a(PQKBWorkID)10043276 035 $a(PQKB)11332131 035 $a(MiAaPQ)EBC3443163 035 $a(MdBmJHUP)muse2267 035 $a(Au-PeEL)EBL3443163 035 $a(CaPaEBR)ebr10217902 035 $a(EXLCZ)991000000000467070 100 $a20051116d2006 ub 0 101 0 $aeng 135 $aurcn||||||||| 181 $ctxt 182 $cc 183 $acr 200 10$aAlien constructions$b[electronic resource] $escience fiction and feminist thought /$fPatricia Melzer 205 $a1st ed. 210 $aAustin $cUniversity of Texas Press$d2006 215 $a1 online resource (338 p.) 300 $aBibliographic Level Mode of Issuance: Monograph 311 $a0-292-71306-1 320 $aIncludes bibliographical references (p. [299]-315) and index. 320 $aIncludes filmography: p. 315-316. 327 $aCultural chameleons : anticolonial identities and resistance in Octavia E. Butler's Survivor and dawn -- The alien in us : metaphors of transgression in the work of Octavia E. Butler -- Technoscience's stepdaughter : the feminist cyborg in Alien resurrection -- Our bodies as our selves : body, subjectivity, and (virtual) reality in The matrix -- The anatomy of dystopia : female technobodies and the death of desire in Richard Calder's Dead girls -- Beyond binary gender : genderqueer identities and intersexed bodies in Octavia E. Butler's Wild seed and Imago and Melissa Scott's Shadow man. 606 $aScience fiction, American$xHistory and criticism 606 $aScience fiction, English$xHistory and criticism 606 $aFeminism in literature 608 $aElectronic books. 615 0$aScience fiction, American$xHistory and criticism. 615 0$aScience fiction, English$xHistory and criticism. 615 0$aFeminism in literature. 676 $a813/.08762099287 700 $aMelzer$b Patricia$f1970-$0898852 801 0$bMiAaPQ 801 1$bMiAaPQ 801 2$bMiAaPQ 906 $aBOOK 912 $a9910452212003321 996 $aAlien constructions$92008237 997 $aUNINA